[Event "Deutsche Ländermeisterschaft 2020"]
[Site "Berlin GER"]
[Date "2020.09.30"]
[Round "1"]
[White "Zhou, Lepu Coco"]
[Black "Bildat, Emilia"]
[Result "1/2-1/2"]
[Termination "normal"]
[Board "6.5"]
[WhiteElo "1872"]
[BlackElo "1704"]
[WhiteClock "00:15:25"]
[BlackClock "00:16:48"]
[WhiteTeam "Berlin"]
[BlackTeam "Bremen"]
[PlyCount "76"]
[WhiteFideId "16217136"]
[BlackFideId "16218140"]
[EventCountry "GER"]
[EventRounds "7"]
[EventType "team-swiss"]
[EventDate "2020.09.29"]

1. e4 {[%clk 1:30:52]} c5 {[%clk 1:30:40]} 2. Nf3 {[%clk 1:31:11]} g6 {[%clk
1:30:53]} 3. c4 {[%clk 1:31:06]} Bg7 {[%clk 1:30:48]} 4. d4 cxd4 {[%clk
1:30:25]} 5. Nxd4 {[%clk 1:31:13]} Nc6 {[%clk 1:30:08]} 6. Be3 {[%clk 1:31:33]}
Nf6 {[%clk 1:29:39]} 7. Nc3 {[%clk 1:31:43]} O-O {[%clk 1:29:04]} 8. Be2 {[%clk
1:31:40]} d6 {[%clk 1:28:53]} 9. O-O {[%clk 1:31:29]} Bd7 {[%clk 1:28:41]} 10.
Rc1 {[%clk 1:31:01]} Nxd4 {[%clk 1:28:09]} 11. Bxd4 {[%clk 1:31:21]} Bc6 {[%clk
1:28:31]} 12. f3 {[%clk 1:31:44]} Nd7 {[%clk 1:28:33]} 13. Be3 {[%clk 1:31:53]}
a5 {[%clk 1:28:32]} 14. b3 {[%clk 1:31:37]} Nc5 {[%clk 1:28:04]} 15. Qd2 {[%clk
1:31:23]} Be5 {[%clk 1:26:34]} 16. Rfd1 {[%clk 1:29:47]} e6 {[%clk 1:24:32]}
17. Bf4 {[%clk 1:24:26]} b6 {[%clk 1:20:01]} 18. Qe3 {[%clk 1:20:56]} Qe7
{[%clk 1:16:58]} 19. Rc2 {[%clk 1:13:52]} f5 {[%clk 1:05:54]} 20. Rcd2 {[%clk
0:59:01]} Bxf4 {[%clk 0:59:07]} 21. Qxf4 {[%clk 0:59:20]} e5 {[%clk 0:53:55]}
22. Qe3 {[%clk 0:58:02]} f4 {[%clk 0:52:10]} 23. Qf2 {[%clk 0:58:03]} Rad8
{[%clk 0:50:44]} 24. Rb1 {[%clk 0:56:03]} Rb8 {[%clk 0:44:34]} 25. a3 {[%clk
0:54:42]} Ne6 {[%clk 0:42:46]} 26. b4 {[%clk 0:53:05]} Nd4 {[%clk 0:41:12]} 27.
Bd1 {[%clk 0:52:27]} Rfc8 {[%clk 0:40:01]} 28. bxa5 {[%clk 0:50:08]} bxa5
{[%clk 0:39:33]} 29. Rdb2 {[%clk 0:50:17]} Qc7 {[%clk 0:37:41]} 30. Nb5 {[%clk
0:38:06]} Bxb5 {[%clk 0:30:58]} 31. cxb5 {[%clk 0:38:21]} Qb6 {[%clk 0:29:22]}
32. a4 {[%clk 0:36:57]} Rc3 {[%clk 0:28:31]} 33. Kf1 {[%clk 0:35:20]} Rbc8
{[%clk 0:28:07]} 34. Qd2 {[%clk 0:32:33]} Kg7 {[%clk 0:26:41]} 35. Ra2 {[%clk
0:26:38]} g5 {[%clk 0:21:21]} 36. Rba1 {[%clk 0:22:43]} Kf6 {[%clk 0:19:02]}
37. Ra3 {[%clk 0:21:49]} R3c5 {[%clk 0:18:15]} 38. Rb1 {[%clk 0:15:25]} h5
{[%clk 0:16:48]} 1/2-1/2

[Event "Deutsche Ländermeisterschaft 2020"]
[Site "Berlin GER"]
[Date "2020.09.30"]
[Round "1"]
[White "König, Emmilie"]
[Black "Nitsche, Nikolai"]
[Result "0-1"]
[Termination "normal"]
[Board "6.6"]
[WhiteElo "1518"]
[BlackElo "1721"]
[WhiteClock "00:18:41"]
[BlackClock "00:58:53"]
[WhiteTeam "Bremen"]
[BlackTeam "Berlin"]
[PlyCount "50"]
[WhiteFideId "16218329"]
[BlackFideId "16221036"]
[EventCountry "GER"]
[EventRounds "7"]
[EventType "team-swiss"]
[EventDate "2020.09.29"]

1. d4 {[%clk 1:30:56]} e6 {[%clk 1:30:47]} 2. Nf3 {[%clk 1:31:18]} d5 {[%clk
1:31:01]} 3. Bf4 {[%clk 1:31:03]} Nf6 {[%clk 1:31:01]} 4. h3 {[%clk 1:31:14]}
c5 {[%clk 1:30:48]} 5. e3 {[%clk 1:30:48]} Nc6 {[%clk 1:28:30]} 6. c3 {[%clk
1:30:44]} Bd6 {[%clk 1:27:39]} 7. Bxd6 Qxd6 {[%clk 1:27:52]} 8. Nbd2 {[%clk
1:29:01]} O-O {[%clk 1:25:54]} 9. Bd3 {[%clk 1:26:54]} e5 {[%clk 1:18:36]} 10.
dxe5 {[%clk 1:27:27]} Nxe5 {[%clk 1:18:06]} 11. Nxe5 Qxe5 {[%clk 1:18:27]} 12.
Nf3 {[%clk 1:27:37]} Qe7 {[%clk 1:17:02]} 13. Qc2 {[%clk 1:23:18]} Ne4 {[%clk
1:15:00]} 14. Bxe4 {[%clk 1:13:55]} dxe4 {[%clk 1:15:23]} 15. Nd2 {[%clk
1:14:09]} f5 {[%clk 1:15:28]} 16. O-O-O {[%clk 1:09:45]} Be6 {[%clk 1:13:13]}
17. a4 {[%clk 1:01:57]} a6 {[%clk 1:11:22]} 18. a5 {[%clk 0:52:36]} Qc7 {[%clk
1:07:47]} 19. Qa4 {[%clk 0:43:35]} b6 {[%clk 1:06:33]} 20. axb6 {[%clk
0:41:54]} Qxb6 {[%clk 1:06:04]} 21. Nc4 {[%clk 0:26:28]} Qb5 {[%clk 0:59:25]}
22. Qxb5 {[%clk 0:24:37]} axb5 {[%clk 0:59:49]} 23. Ne5 {[%clk 0:19:46]} Bb3
{[%clk 0:59:47]} 24. Nd7 {[%clk 0:18:41]} Rfd8 {[%clk 0:58:53]} 25. Nxc5 Ra1#
0-1

[Event "Deutsche Ländermeisterschaft 2020"]
[Site "Berlin GER"]
[Date "2020.09.30"]
[Round "1"]
[White "Fock, Sana"]
[Black "Zimmer, Tim"]
[Result "1-0"]
[Termination "normal"]
[Board "6.7"]
[WhiteElo "1829"]
[BlackElo "1025"]
[WhiteClock "00:48:27"]
[BlackClock "00:21:02"]
[WhiteTeam "Berlin"]
[BlackTeam "Bremen"]
[PlyCount "43"]
[WhiteFideId "12981966"]
[BlackFideId "34603115"]
[EventCountry "GER"]
[EventRounds "7"]
[EventType "team-swiss"]
[EventDate "2020.09.29"]

1. e4 {[%clk 1:30:56]} e5 {[%clk 1:30:53]} 2. d4 {[%clk 1:31:21]} exd4 3. Qxd4
{[%clk 1:31:46]} Nc6 {[%clk 1:30:52]} 4. Qe3 {[%clk 1:32:08]} Nf6 {[%clk
1:31:00]} 5. Nc3 {[%clk 1:32:30]} Bb4 {[%clk 1:30:29]} 6. Bd2 {[%clk 1:32:44]}
O-O {[%clk 1:30:32]} 7. O-O-O {[%clk 1:33:09]} Re8 {[%clk 1:30:34]} 8. Qg3
{[%clk 1:33:18]} Rxe4 {[%clk 1:30:05]} 9. f3 {[%clk 1:30:49]} Re8 {[%clk
1:23:23]} 10. a3 {[%clk 1:28:27]} Bc5 {[%clk 1:20:44]} 11. h4 {[%clk 1:22:38]}
Be3 {[%clk 1:17:51]} 12. Bc4 {[%clk 1:19:13]} Bxd2+ {[%clk 1:15:10]} 13. Rxd2
{[%clk 1:19:10]} d6 {[%clk 1:10:55]} 14. Nh3 {[%clk 1:16:41]} Ne5 {[%clk
1:02:36]} 15. Bb3 {[%clk 1:12:34]} Ng6 {[%clk 1:01:13]} 16. Ng5 {[%clk
1:07:13]} Re7 {[%clk 0:59:39]} 17. h5 {[%clk 1:04:07]} Nf8 {[%clk 0:53:14]} 18.
h6 {[%clk 0:55:25]} g6 {[%clk 0:49:42]} 19. Qf4 {[%clk 0:54:41]} N8d7 {[%clk
0:46:05]} 20. Nce4 {[%clk 0:50:04]} Rxe4 {[%clk 0:22:10]} 21. fxe4 {[%clk
0:48:46]} Ne5 {[%clk 0:21:02]} 22. Qxe5 {[%clk 0:48:27]} 1-0

[Event "Deutsche Ländermeisterschaft 2020"]
[Site "Berlin GER"]
[Date "2020.09.30"]
[Round "1"]
[White "Marrufo, Emilia"]
[Black "Lorenz, Veronika"]
[Result "0-1"]
[Termination "normal"]
[Board "6.8"]
[WhiteElo "796"]
[BlackElo "1273"]
[WhiteClock "01:02:16"]
[BlackClock "00:23:25"]
[WhiteTeam "Bremen"]
[BlackTeam "Berlin"]
[PlyCount "88"]
[WhiteFideId "16287363"]
[BlackFideId "16277406"]
[EventCountry "GER"]
[EventRounds "7"]
[EventType "team-swiss"]
[EventDate "2020.09.29"]

1. d4 d5 2. e3 e6 3. Bd3 c5 4. c3 Nc6 5. f4 Nf6 6. Nf3 Bd6 7. O-O O-O 8. Nbd2
b6 9. Ne5 Bb7 10. Ndf3 Qc7 11. Ng5 h6 12. Ngf3 {[%clk 1:27:10]} Rfe8 {[%clk
0:54:03]} 13. Bd2 {[%clk 1:25:52]} Bf8 {[%clk 0:53:27]} 14. Be1 {[%clk
1:24:55]} Ne4 {[%clk 0:50:10]} 15. Nd2 {[%clk 1:24:21]} Ne7 {[%clk 0:46:31]}
16. Qc2 {[%clk 1:22:33]} Nf5 {[%clk 0:35:35]} 17. Nxe4 {[%clk 1:20:27]} dxe4
{[%clk 0:35:37]} 18. Bxe4 {[%clk 1:19:53]} Nxe3 {[%clk 0:35:36]} 19. Bh7+
{[%clk 1:19:24]} Kh8 {[%clk 0:35:57]} 20. Qd3 {[%clk 1:18:55]} Nxf1 {[%clk
0:35:00]} 21. Kxf1 {[%clk 1:18:47]} Bd6 {[%clk 0:24:59]} 22. Qh3 Bxe5 23. fxe5
{[%clk 1:07:06]} Kxh7 {[%clk 0:25:11]} 24. Qd3+ {[%clk 1:06:25]} Kg8 {[%clk
0:25:16]} 25. Bd2 {[%clk 1:05:58]} Qc6 {[%clk 0:25:18]} 26. Qg3 {[%clk
1:05:58]} Kf8 {[%clk 0:24:44]} 27. Re1 {[%clk 1:05:33]} cxd4 {[%clk 0:23:29]}
28. Re2 {[%clk 1:04:46]} Ba6 {[%clk 0:23:16]} 29. c4 {[%clk 1:03:19]} Qxc4
{[%clk 0:22:42]} 30. Qf2 {[%clk 1:03:10]} Qxe2+ {[%clk 0:22:44]} 31. Qxe2
{[%clk 1:02:56]} Bxe2+ {[%clk 0:23:08]} 32. Kxe2 {[%clk 1:03:07]} Red8 {[%clk
0:23:02]} 33. g4 {[%clk 1:02:02]} d3+ {[%clk 0:23:21]} 34. Ke1 {[%clk 1:02:07]}
Rac8 {[%clk 0:23:31]} 35. h4 {[%clk 1:01:51]} Rc2 {[%clk 0:23:32]} 36. g5
{[%clk 1:01:44]} hxg5 {[%clk 0:23:44]} 37. Bxg5 {[%clk 1:01:31]} d2+ {[%clk
0:24:00]} 38. Kd1 {[%clk 1:01:29]} Rc1+ {[%clk 0:24:19]} 39. Ke2 {[%clk
1:01:37]} d1=Q+ {[%clk 0:24:38]} 40. Kf2 {[%clk 1:01:49]} Qg1+ {[%clk 0:23:44]}
41. Ke2 {[%clk 1:02:00]} Rc2+ {[%clk 0:23:44]} 42. Kf3 {[%clk 1:02:05]} Rd3+
{[%clk 0:23:36]} 43. Kf4 {[%clk 1:02:13]} Qe3+ {[%clk 0:23:25]} 44. Kg4 {[%clk
1:02:16]} Qf3# 0-1

[Event "Deutsche Ländermeisterschaft 2020"]
[Site "Berlin GER"]
[Date "2020.09.30"]
[Round "1"]
[White "Fromm, Marius"]
[Black "Kuznecovs, Nikita"]
[Result "1-0"]
[Termination "normal"]
[Board "7.1"]
[BlackTitle "FM"]
[WhiteElo "2190"]
[BlackElo "2276"]
[WhiteTeam "Mecklenburg-Vorpommern"]
[BlackTeam "Thüringen"]
[PlyCount "119"]
[WhiteFideId "12993190"]
[BlackFideId "11604557"]
[EventCountry "GER"]
[EventRounds "7"]
[EventType "team-swiss"]
[EventDate "2020.09.29"]

1. e4 e6 2. d4 d5 3. Nc3 Nf6 4. e5 Nfd7 5. f4 c5 6. Nf3 Nc6 7. Be3 Be7 8. dxc5
Nxc5 9. Be2 O-O 10. O-O b6 11. Nd4 Bb7 12. Qd2 Qd7 13. Rad1 Rfd8 14. Bb5 Qc7
15. Qf2 Nxd4 16. Bxd4 Bf8 17. Rfe1 g6 18. Bd3 Nxd3 19. Rxd3 Rdc8 20. a3 Ba6 21.
Rh3 Qd8 22. Rd1 Rc6 23. Rg3 Bg7 24. Na2 Bb7 25. Nb4 Rc7 26. c3 Bc6 27. Re1 Ba4
28. Nd3 Qc8 29. Rh3 Be8 30. Qh4 h6 31. Nf2 Qd8 32. Qg3 h5 33. Nd3 b5 34. f5
exf5 35. e6 fxe6 36. Rxe6 Re7 37. Rxe7 Qxe7 38. Ne5 Rc8 39. Qf3 Bf7 40. Qf4 Kh7
41. Rxh5+ Kg8 42. Rh3 a5 43. Re3 Qd6 44. b4 axb4 45. axb4 Ra8 46. h3 Ra1+ 47.
Kh2 Kh7 48. Qg3 Kg8 49. Qf2 Rd1 50. Qe2 Rc1 51. g3 Bf6 52. Qxb5 f4 53. gxf4 Bh4
54. Qe2 Rb1 55. Qg4 g5 56. Qf5 Rb2+ 57. Kh1 Qe6 58. Nxf7 Qxf7 59. Qxf7+ Kxf7
60. fxg5 1-0

[Event "Deutsche Ländermeisterschaft 2020"]
[Site "Berlin GER"]
[Date "2020.09.30"]
[Round "1"]
[White "Nguyen, Huy Dat"]
[Black "Lange, Jannis"]
[Result "0-1"]
[Termination "normal"]
[Board "7.2"]
[WhiteElo "2166"]
[BlackElo "2126"]
[WhiteClock "00:26:50"]
[BlackClock "00:34:36"]
[WhiteTeam "Thüringen"]
[BlackTeam "Mecklenburg-Vorpommern"]
[PlyCount "100"]
[WhiteFideId "12923486"]
[BlackFideId "12993107"]
[EventCountry "GER"]
[EventRounds "7"]
[EventType "team-swiss"]
[EventDate "2020.09.29"]

1. e4 {[%clk 1:30:56]} c5 {[%clk 1:30:52]} 2. Nc3 {[%clk 1:31:05]} Nc6 {[%clk
1:31:14]} 3. f4 {[%clk 1:30:44]} e6 {[%clk 1:30:46]} 4. Nf3 {[%clk 1:30:23]} d5
{[%clk 1:30:38]} 5. Bb5 {[%clk 1:26:23]} Nge7 {[%clk 1:30:51]} 6. O-O {[%clk
1:23:57]} d4 {[%clk 1:23:22]} 7. Ne2 {[%clk 1:21:42]} a6 {[%clk 1:23:28]} 8.
Bxc6+ Nxc6 {[%clk 1:23:51]} 9. d3 {[%clk 1:18:18]} Be7 {[%clk 1:23:47]} 10. Bd2
{[%clk 1:12:53]} O-O {[%clk 1:22:55]} 11. Qe1 {[%clk 1:06:49]} b5 {[%clk
1:19:35]} 12. Qg3 {[%clk 1:02:11]} f5 {[%clk 1:09:15]} 13. Rae1 {[%clk
0:47:17]} Bb7 {[%clk 1:00:07]} 14. Qh3 {[%clk 0:44:33]} Rf6 {[%clk 0:56:53]}
15. exf5 {[%clk 0:27:40]} exf5 {[%clk 0:56:36]} 16. Ng5 {[%clk 0:26:30]} h6
{[%clk 0:55:04]} 17. Nf3 {[%clk 0:26:40]} Qd5 {[%clk 0:51:28]} 18. Ng3 {[%clk
0:21:47]} Raf8 {[%clk 0:42:17]} 19. b3 {[%clk 0:18:33]} Bd6 {[%clk 0:37:55]}
20. Re2 {[%clk 0:15:42]} c4 {[%clk 0:33:29]} 21. Rfe1 {[%clk 0:12:23]} cxd3
{[%clk 0:19:59]} 22. cxd3 {[%clk 0:12:41]} a5 {[%clk 0:19:36]} 23. Nh5 {[%clk
0:08:58]} Rg6 {[%clk 0:14:15]} 24. Ne5 {[%clk 0:05:27]} Nxe5 {[%clk 0:12:58]}
25. fxe5 {[%clk 0:04:11]} Bxe5 {[%clk 0:13:07]} 26. Bf4 {[%clk 0:03:05]} Bd6
{[%clk 0:13:01]} 27. Bxd6 {[%clk 0:02:25]} Qxd6 {[%clk 0:13:27]} 28. Re7 {[%clk
0:00:41]} Bxg2 {[%clk 0:11:09]} 29. Qg3 {[%clk 0:01:04]} Rxg3 {[%clk 0:10:08]}
30. hxg3 {[%clk 0:01:32]} Bf3 {[%clk 0:09:30]} 31. Rxg7+ {[%clk 0:01:17]} Kh8
{[%clk 0:09:55]} 32. Ree7 {[%clk 0:01:33]} Qxe7 {[%clk 0:10:17]} 33. Rxe7
{[%clk 0:01:46]} Bxh5 {[%clk 0:10:43]} 34. Rd7 {[%clk 0:01:53]} Rc8 {[%clk
0:06:04]} 35. a4 {[%clk 0:00:34]} b4 {[%clk 0:05:17]} 36. Rxd4 {[%clk 0:00:41]}
Bf7 {[%clk 0:05:22]} 37. Rd6 {[%clk 0:00:43]} Kg7 {[%clk 0:05:27]} 38. Ra6
{[%clk 0:00:39]} Rc5 {[%clk 0:05:44]} 39. d4 {[%clk 0:01:02]} Rd5 {[%clk
0:05:31]} 40. Kf2 {[%clk 0:01:24]} Rxd4 {[%clk 0:05:41]} 41. Rxa5 {[%clk
0:01:31]} Bxb3 {[%clk 0:04:48]} 42. Ra7+ {[%clk 0:30:28]} Kg6 {[%clk 0:35:08]}
43. a5 {[%clk 0:30:43]} Bd5 {[%clk 0:33:51]} 44. Ra6+ {[%clk 0:30:20]} Kg5
{[%clk 0:34:04]} 45. Rb6 {[%clk 0:30:36]} b3 {[%clk 0:34:13]} 46. Ke3 {[%clk
0:29:54]} Re4+ {[%clk 0:34:14]} 47. Kf2 {[%clk 0:28:15]} Ra4 {[%clk 0:34:31]}
48. g4 {[%clk 0:27:02]} Rxg4 {[%clk 0:34:29]} 49. a6 {[%clk 0:27:15]} Ra4
{[%clk 0:34:30]} 50. Ke3 {[%clk 0:26:50]} Bc4 {[%clk 0:34:36]} 0-1

[Event "Deutsche Ländermeisterschaft 2020"]
[Site "Berlin GER"]
[Date "2020.09.30"]
[Round "1"]
[White "Großmann, Piet"]
[Black "Schubert, Nikita"]
[Result "1-0"]
[Termination "normal"]
[Board "7.3"]
[WhiteElo "1849"]
[BlackElo "1946"]
[WhiteTeam "Mecklenburg-Vorpommern"]
[BlackTeam "Thüringen"]
[PlyCount "126"]
[WhiteFideId "16234359"]
[BlackFideId "16212339"]
[EventCountry "GER"]
[EventRounds "7"]
[EventType "team-swiss"]
[EventDate "2020.09.29"]

1. e4 e5 2. Nf3 Nc6 3. d4 exd4 4. Nxd4 Nf6 5. Nc3 Bb4 6. Nxc6 bxc6 7. Bd3 d5 8.
exd5 cxd5 9. O-O O-O 10. h3 h6 11. Qf3 c6 12. Bf4 Bd6 13. Ne2 c5 14. Rfd1 Rb8
15. b3 Bb7 16. Bxd6 Qxd6 17. Ng3 d4 18. Ne4 Nxe4 19. Bxe4 Bxe4 20. Qxe4 Rbe8
21. Qd3 Qe5 22. Qd2 Qf5 23. Re1 Re6 24. Qd3 Qd5 25. Re2 Rg6 26. Qe4 Qh5 27.
Rae1 Re6 28. Qd3 Rfe8 29. Rxe6 Rxe6 30. Qd2 Qf5 31. Kf1 Kh8 32. Rxe6 fxe6 33.
Qd3 Qg5 34. g3 Qd5 35. f3 Qg5 36. Kg2 Qe5 37. Qe4 Qd5 38. Qxd5 exd5 39. Kf2 Kg8
40. Ke2 Kf7 41. Kd3 a5 42. a3 Ke6 43. b4 cxb4 44. axb4 a4 45. Kxd4 a3 46. Kc3
d4+ 47. Kb3 Kd5 48. f4 a2 49. Kxa2 Kc4 50. b5 Kxb5 51. Kb3 Kc5 52. g4 Kd5 53.
f5 Kc5 54. h4 Kd5 55. Kb4 Ke5 56. Kc4 Ke4 57. Kc5 Ke5 58. h5 Ke4 59. Kc4 Ke5
60. Kd3 Kf4 61. Kxd4 Kxg4 62. Ke5 Kxh5 63. c4 Kg4 1-0

[Event "Deutsche Ländermeisterschaft 2020"]
[Site "Berlin GER"]
[Date "2020.09.30"]
[Round "1"]
[White "Nguyen, Ha Thanh"]
[Black "Tovmasyan, Minas"]
[Result "1/2-1/2"]
[Termination "normal"]
[Board "7.4"]
[WhiteElo "2019"]
[BlackElo "1658"]
[WhiteClock "00:03:23"]
[BlackClock "00:00:36"]
[WhiteTeam "Thüringen"]
[BlackTeam "Mecklenburg-Vorpommern"]
[PlyCount "64"]
[WhiteFideId "12942154"]
[BlackFideId "16247620"]
[EventCountry "GER"]
[EventRounds "7"]
[EventType "team-swiss"]
[EventDate "2020.09.29"]

1. e4 {[%clk 1:30:58]} c5 {[%clk 1:30:52]} 2. Nf3 {[%clk 1:31:20]} e6 {[%clk
1:31:15]} 3. d4 cxd4 {[%clk 1:31:39]} 4. Nxd4 {[%clk 1:32:02]} a6 {[%clk
1:32:03]} 5. Nc3 {[%clk 1:31:33]} Qc7 {[%clk 1:32:23]} 6. Be3 {[%clk 1:29:53]}
Bb4 {[%clk 1:30:37]} 7. Qd2 {[%clk 1:26:49]} Nf6 {[%clk 1:28:26]} 8. f3 {[%clk
1:22:27]} d5 {[%clk 1:01:24]} 9. a3 {[%clk 1:14:49]} Bxc3 {[%clk 0:57:55]} 10.
bxc3 {[%clk 1:15:09]} dxe4 {[%clk 0:56:18]} 11. Be2 {[%clk 1:09:26]} O-O {[%clk
0:49:54]} 12. Rd1 {[%clk 1:07:17]} b5 {[%clk 0:40:09]} 13. O-O {[%clk 1:05:18]}
Bb7 {[%clk 0:34:55]} 14. Qe1 {[%clk 0:55:48]} Nd5 {[%clk 0:31:56]} 15. Bd2
{[%clk 0:52:05]} e3 {[%clk 0:28:38]} 16. Bc1 {[%clk 0:52:21]} Nd7 {[%clk
0:23:43]} 17. Bd3 {[%clk 0:43:14]} Nxc3 {[%clk 0:15:07]} 18. Qh4 {[%clk
0:42:56]} g6 {[%clk 0:12:41]} 19. Rde1 {[%clk 0:41:57]} Nd5 {[%clk 0:12:06]}
20. Bb2 {[%clk 0:35:34]} Qf4 {[%clk 0:09:30]} 21. Qh3 {[%clk 0:34:50]} N7f6
{[%clk 0:05:17]} 22. Nb3 {[%clk 0:20:19]} Rac8 {[%clk 0:04:34]} 23. g3 {[%clk
0:15:37]} Qg5 {[%clk 0:03:25]} 24. Qg2 {[%clk 0:15:14]} Ba8 {[%clk 0:02:39]}
25. h4 {[%clk 0:14:20]} Qh6 {[%clk 0:02:10]} 26. Re2 {[%clk 0:12:48]} Rfe8
{[%clk 0:01:19]} 27. Qh2 {[%clk 0:11:25]} Nc3 {[%clk 0:00:56]} 28. Ree1 {[%clk
0:07:44]} Nfd5 {[%clk 0:00:50]} 29. Nc1 {[%clk 0:04:10]} Red8 {[%clk 0:00:33]}
30. g4 {[%clk 0:03:21]} Qf4 {[%clk 0:00:39]} 31. Qxf4 {[%clk 0:03:18]} Nxf4
{[%clk 0:01:07]} 32. Rxe3 {[%clk 0:03:23]} Nfd5 {[%clk 0:00:36]} 1/2-1/2

[Event "Deutsche Ländermeisterschaft 2020"]
[Site "Berlin GER"]
[Date "2020.09.30"]
[Round "1"]
[White "Herrmann, Jakob"]
[Black "Wagner, Margarethe"]
[Result "0-1"]
[Termination "normal"]
[Board "7.5"]
[WhiteElo "1504"]
[BlackElo "1804"]
[WhiteTeam "Mecklenburg-Vorpommern"]
[BlackTeam "Thüringen"]
[PlyCount "72"]
[WhiteFideId "16287169"]
[BlackFideId "16236947"]
[EventCountry "GER"]
[EventRounds "7"]
[EventType "team-swiss"]
[EventDate "2020.09.29"]

1. e4 c5 2. Nf3 d6 3. d4 cxd4 4. Nxd4 Nf6 5. Nc3 a6 6. g3 e5 7. Nde2 Be6 8. Bg2
Nbd7 9. O-O b5 10. Re1 Be7 11. h3 O-O 12. g4 Rc8 13. Ng3 h6 14. Nf5 Bxf5 15.
gxf5 Qc7 16. a3 Nb6 17. Kh1 Qc6 18. Rg1 Kh7 19. f4 a5 20. Qf3 b4 21. axb4 axb4
22. Nd5 Nbxd5 23. exd5 Qxc2 24. fxe5 dxe5 25. Be3 Qc7 26. Qg3 Qd6 27. Bf3 Rg8
28. Rad1 Rc2 29. Bc1 b3 30. Rd3 e4 31. Bf4 Qb4 32. Re3 exf3 33. d6 Ne4 34. Qxf3
Nf2+ 35. Kg2 Qxf4 36. Rxe7 Ne4+ 0-1

[Event "Deutsche Ländermeisterschaft 2020"]
[Site "Berlin GER"]
[Date "2020.09.30"]
[Round "1"]
[White "Göpfert, Gregor"]
[Black "Müller, Sophie Charlotte"]
[Result "0-1"]
[Termination "normal"]
[Board "7.6"]
[WhiteElo "1603"]
[BlackElo "1459"]
[WhiteTeam "Thüringen"]
[BlackTeam "Mecklenburg-Vorpommern"]
[PlyCount "58"]
[WhiteFideId "34603964"]
[BlackFideId "16246683"]
[EventCountry "GER"]
[EventRounds "7"]
[EventType "team-swiss"]
[EventDate "2020.09.29"]

1. e4 d6 2. d4 g6 3. Nf3 Bg7 4. g3 Nf6 5. Nbd2 c6 6. Bg2 O-O 7. O-O Re8 8. Re1
Bd7 9. Nf1 a5 10. c3 Na6 11. Bg5 e5 12. dxe5 dxe5 13. Qc2 Qc7 14. Be3 b5 15.
N1d2 c5 16. Nxe5 Qxe5 17. f4 Qh5 18. e5 Ng4 19. Nf1 Rad8 20. Qe4 Rb8 21. Qd5
Red8 22. Rad1 Qf5 23. Be4 Qe6 24. Qxe6 Bxe6 25. Rd6 Nxe3 26. Nxe3 Rxd6 27. exd6
Bf8 28. Rd1 Rd8 29. Bb7 Nb8 0-1

[Event "Deutsche Ländermeisterschaft 2020"]
[Site "Berlin GER"]
[Date "2020.09.30"]
[Round "1"]
[White "Avetyan, Manan"]
[Black "Eichhorn, Mathilda Sophie"]
[Result "0-1"]
[Termination "normal"]
[Board "7.7"]
[WhiteElo "1356"]
[BlackElo "1532"]
[WhiteTeam "Mecklenburg-Vorpommern"]
[BlackTeam "Thüringen"]
[PlyCount "76"]
[WhiteFideId "16244737"]
[BlackFideId "16242289"]
[EventCountry "GER"]
[EventRounds "7"]
[EventType "team-swiss"]
[EventDate "2020.09.29"]

1. e4 e6 2. d4 d5 3. Nd2 Nf6 4. Bd3 c5 5. c3 Nc6 6. Ngf3 Qb6 7. Bc2 cxd4 8.
exd5 Nxd5 9. cxd4 Bd7 10. O-O Be7 11. Nb3 Bf6 12. Re1 O-O 13. Ne5 Nxe5 14. dxe5
Be7 15. Qh5 g6 16. Qh6 Rfe8 17. Re4 Bf8 18. Qh3 f5 19. Rh4 Re7 20. Bg5 Rf7 21.
Rd1 Nb4 22. Bb1 Ba4 23. Bf6 Bxb3 24. axb3 Bc5 25. Rd2 Qc7 26. g4 Be7 27. gxf5
Bxf6 28. Rc4 Qxe5 29. Rd1 Nc6 30. fxg6 Rg7 31. Rg4 Kf8 32. gxh7 Rxg4+ 33. Qxg4
Kf7 34. Rd7+ Ne7 35. Bg6+ Kf8 36. h8=Q+ Bxh8 37. Qf3+ Qf6 38. Rxe7 Qxf3 0-1

[Event "Deutsche Ländermeisterschaft 2020"]
[Site "Berlin GER"]
[Date "2020.09.30"]
[Round "1"]
[White "Nothnagel, Marian Can"]
[Black "Jeschke, Jan"]
[Result "1-0"]
[Termination "normal"]
[Board "8.1"]
[WhiteTitle "FM"]
[WhiteElo "2355"]
[BlackElo "2043"]
[WhiteTeam "Hessen"]
[BlackTeam "Saarland"]
[PlyCount "97"]
[WhiteFideId "12921530"]
[BlackFideId "16225430"]
[EventCountry "GER"]
[EventRounds "7"]
[EventType "team-swiss"]
[EventDate "2020.09.29"]

1. e4 e6 2. d3 d5 3. Nd2 Nf6 4. g3 Nc6 5. Bg2 Bc5 6. Ngf3 dxe4 7. dxe4 e5 8.
O-O O-O 9. c3 a5 10. Qc2 Be6 11. Ng5 Qe7 12. Nxe6 Qxe6 13. Qb3 Qxb3 14. Nxb3
Bb6 15. a4 h6 16. Bd2 Rfd8 17. Rfd1 Rd3 18. Be1 Rad8 19. Rxd3 Rxd3 20. Nd2 Kf8
21. Nc4 Bc5 22. Kf1 Ke7 23. Rb1 Rd8 24. Ke2 Nd7 25. h4 h5 26. Bf3 g6 27. b3 Ke6
28. Bg2 b6 29. Bd2 Be7 30. Bh3+ f5 31. Ne3 Rf8 32. Bg2 Nd8 33. b4 axb4 34. cxb4
Nf6 35. exf5+ gxf5 36. a5 bxa5 37. bxa5 e4 38. Rb5 Ng4 39. Nc2 Nc6 40. f3 exf3+
41. Bxf3 Nge5 42. Bd5+ Kd7 43. Bf4 Bd6 44. a6 Ra8 45. Bxe5 Re8 46. Bxc6+ Kxc6
47. Nd4+ Kd7 48. Rd5 Kc8 49. Nf3 1-0

[Event "Deutsche Ländermeisterschaft 2020"]
[Site "Berlin GER"]
[Date "2020.09.30"]
[Round "1"]
[White "Chassard, Cedric"]
[Black "Lesny, Florian"]
[Result "1/2-1/2"]
[Termination "normal"]
[Board "8.2"]
[WhiteElo "1916"]
[BlackElo "2178"]
[WhiteTeam "Saarland"]
[BlackTeam "Hessen"]
[PlyCount "64"]
[WhiteFideId "16243536"]
[BlackFideId "12973874"]
[EventCountry "GER"]
[EventRounds "7"]
[EventType "team-swiss"]
[EventDate "2020.09.29"]

1. e4 c5 2. Nf3 d6 3. Bb5+ Nd7 4. c3 Ngf6 5. Bd3 g6 6. Bc2 b5 7. O-O Bg7 8. d4
O-O 9. Re1 Bb7 10. h3 e5 11. dxe5 Nxe5 12. Nxe5 dxe5 13. Qxd8 Rfxd8 14. f3 Nd7
15. Be3 Bf8 16. Rd1 Be7 17. Bf2 a6 18. Nd2 c4 19. Nf1 Bc5 20. Rd2 Kf8 21. Rad1
Ke8 22. Ne3 Nb6 23. Ng4 Bxf2+ 24. Kxf2 Rxd2+ 25. Rxd2 Nd7 26. Ne3 Ke7 27. Ke2
Rd8 28. a4 Nc5 29. Rxd8 Kxd8 30. axb5 axb5 31. Ng4 Nd7 32. Ne3 Nc5 1/2-1/2

[Event "Deutsche Ländermeisterschaft 2020"]
[Site "Berlin GER"]
[Date "2020.09.30"]
[Round "1"]
[White "Haack, Kevin"]
[Black "Zimmer, Luca"]
[Result "1-0"]
[Termination "normal"]
[Board "8.3"]
[WhiteElo "2209"]
[BlackElo "1690"]
[WhiteTeam "Hessen"]
[BlackTeam "Saarland"]
[PlyCount "63"]
[WhiteFideId "16228715"]
[BlackFideId "12921424"]
[EventCountry "GER"]
[EventRounds "7"]
[EventType "team-swiss"]
[EventDate "2020.09.29"]

1. c4 e6 2. g3 d5 3. Bg2 Nf6 4. Nf3 c6 5. O-O Nbd7 6. b3 Bd6 7. Bb2 O-O 8. Nc3
e5 9. e3 e4 10. Ne1 Ne5 11. cxd5 cxd5 12. d3 Bg4 13. Qd2 Bb4 14. a3 Bxc3 15.
Bxc3 Nf3+ 16. Nxf3 Bxf3 17. Bxf3 exf3 18. Qd1 Rc8 19. Bd4 Nd7 20. b4 Nb6 21.
Qxf3 Rc6 22. a4 Na8 23. Bxa7 Rf6 24. Qg4 b6 25. a5 Qe7 26. axb6 Nxb6 27. Qd4
Qb7 28. Ra5 Rd8 29. Rfa1 Rfd6 30. Rb5 Ra8 31. Rxb6 Rxb6 32. Bxb6 1-0